[Event "FIN-chT 2223"]
[Site "Finland"]
[Date "2023.01.14"]
[Round "7.7"]
[White "Hallenberg, Sami"]
[Black "Haapasalo, Jukka Pekka"]
[Result "1/2-1/2"]
[WhiteElo "2111"]
[BlackElo "2075"]
[PlyCount "48"]
[EventDate "2022.09.24"]
[EventType "team-tourn"]
[EventRounds "11"]
[EventCountry "FIN"]
[SourceTitle "EXT 2024"]
[Source "ChessBase"]
[SourceDate "2023.10.10"]
[SourceVersion "1"]
[SourceVersionDate "2023.10.10"]
[SourceQuality "1"]
[WhiteTeam "Vantaa EtVaS"]
[BlackTeam "Salo SalSK"]
[WhiteTeamCountry "FIN"]
[BlackTeamCountry "FIN"]

1. e4 c5 2. Nf3 e6 3. d4 cxd4 4. Nxd4 a6 5. c4 Nf6 6. Bd3 Nc6 7. Nxc6 dxc6 8. 0-0 e5 9. Nc3 Bc5 10. Bg5 h6 11. Bh4 g5 12. Bg3 Qe7 13. a3 h5 14. b4 Bd4 15. Ne2 Bg4 16. h3 Bxe2 17. Qxe2 h4 18. Bh2 Bxa1 19. Rxa1 Nh5 20. c5 Nf4 21. Bxf4 exf4 22. e5 0-0-0 23. Bc4 Rhe8 24. Re1 Kb8 1/2-1/2

[Event "FIN-chT 2223"]
[Site "Finland"]
[Date "2022.10.15"]
[Round "3.7"]
[White "Rantanen, Riku"]
[Black "Hallenberg, Sami"]
[Result "0-1"]
[WhiteElo "2061"]
[BlackElo "2111"]
[PlyCount "62"]
[EventDate "2022.09.24"]
[EventType "team-tourn"]
[EventRounds "11"]
[EventCountry "FIN"]
[SourceTitle "EXT 2024"]
[Source "ChessBase"]
[SourceDate "2023.10.10"]
[SourceVersion "1"]
[SourceVersionDate "2023.10.10"]
[SourceQuality "1"]
[WhiteTeam "Raahe Li"]
[BlackTeam "Vantaa EtVaS"]
[WhiteTeamCountry "FIN"]
[BlackTeamCountry "FIN"]

1. Nf3 f5 2. c4 Nf6 3. g3 g6 4. Bg2 Bg7 5. 0-0 0-0 6. Nc3 d6 7. d3 e5 8. Rb1 a5 9. a3 Nc6 10. b4 axb4 11. axb4 h6 12. b5 Ne7 13. Bb2 Be6 14. Qb3 g5 15. Nd2 Rb8 16. Ra1 Qe8 17. Ra7 Qh5 18. Re1 f4 19. f3 Nf5 20. g4 Qh4 21. Rea1 Ne3 22. Nd1 Qe1+ 23. Nf1 Nxg2 24. Nc3 Qh4 25. Kxg2 h5 26. h3 hxg4 27. fxg4 Nxg4 28. hxg4 Qxg4+ 29. Kh1 Kf7 30. Nh2 Rh8 31. Rg1 Rxh2+ 0-1

[Event "FIN-chT 2022"]
[Site "Finland"]
[Date "2021.11.20"]
[Round "7.7"]
[White "Hallenberg, Sami"]
[Black "Henriksson, Svante"]
[Result "0-1"]
[WhiteElo "2131"]
[BlackElo "2124"]
[PlyCount "52"]
[EventDate "2020.09.12"]
[EventType "team-tourn"]
[EventRounds "11"]
[EventCountry "FIN"]
[SourceTitle "EXT 2023"]
[Source "ChessBase"]
[SourceDate "2022.10.05"]
[SourceVersion "1"]
[SourceVersionDate "2022.10.05"]
[SourceQuality "1"]
[WhiteTeam "Vantaa EtVaS"]
[BlackTeam "Helsinki Ninja"]
[WhiteTeamCountry "FIN"]
[BlackTeamCountry "FIN"]

1. e4 c5 2. Nf3 d6 3. d4 cxd4 4. Nxd4 Nf6 5. Nc3 a6 6. Bg5 Nbd7 7. Bc4 b5 8. Bb3 e6 9. f4 b4 10. Na4 Bb7 11. Qe2 Qa5 12. 0-0 Nxe4 13. f5 e5 14. Ne6 fxe6 15. fxe6 Ndf6 16. Bxf6 Nxf6 17. Rxf6 gxf6 18. Qh5+ Kd8 19. Qf7 Be7 20. Rd1 Qc7 21. Rd3 Be4 22. Rg3 Bg6 23. Qg7 Rf8 24. h4 Bxc2 25. Bd5 Bxa4 26. Bxa8 Qa7+ 0-1

[Event "FIN-chT 2022"]
[Site "Finland"]
[Date "2020.09.13"]
[Round "2.8"]
[White "Pelto, Juho"]
[Black "Hallenberg, Sami"]
[Result "1-0"]
[WhiteElo "2071"]
[BlackElo "2131"]
[PlyCount "119"]
[EventDate "2020.09.12"]
[EventType "team-tourn"]
[EventRounds "11"]
[EventCountry "FIN"]
[SourceTitle "EXT 2023"]
[Source "ChessBase"]
[SourceDate "2022.10.05"]
[SourceVersion "1"]
[SourceVersionDate "2022.10.05"]
[SourceQuality "1"]
[WhiteTeam "Salo SalSK"]
[BlackTeam "Vantaa EtVaS"]
[WhiteTeamCountry "FIN"]
[BlackTeamCountry "FIN"]

1. e4 c5 2. c3 Nf6 3. e5 Nd5 4. d4 cxd4 5. Nf3 e6 6. cxd4 b6 7. a3 Bb7 8. Bd3 Be7 9. 0-0 0-0 10. Qc2 h6 11. Qe2 f5 12. exf6 Nxf6 13. Nc3 Nc6 14. Bf4 Nh5 15. Bg3 Nf4 16. Bxf4 Rxf4 17. d5 Nd4 18. Nxd4 Rxd4 19. dxe6 dxe6 20. Qxe6+ Kh8 21. Bc2 Qd6 22. Qxd6 Rxd6 23. Be4 Bxe4 24. Nxe4 Rd4 25. f3 Rad8 26. Rac1 R8d7 27. Rc2 Kg8 28. Rfc1 Kf7 29. Rc7 Ke6 30. Rxd7 Kxd7 31. Kf1 Bd8 32. Ke2 Bc7 33. h3 Bf4 34. Rd1 Rxd1 35. Kxd1 Kc6 36. Kc2 Kd5 37. Kd3 Bc1 38. Kc2 Bf4 39. Kd3 Bc1 40. Nc3+ Ke5 41. Kc2 Bg5 42. Ne2 Kd5 43. b3 Be7 44. a4 Bb4 45. Kd3 Be7 46. Nf4+ Kc5 47. b4+ Kc6 48. Kc4 a6 49. b5+ axb5+ 50. axb5+ Kd6 51. Nd5 Bd8 52. Kd4 Ke6 53. g4 Bh4 54. Ke4 Bf2 55. Nf4+ Kf6 56. Nd3 Bg3 57. f4 Bh2 58. Kd5 Bg1 59. Kc6 Be3 60. Nb4 1-0

[Event "Heart of Finland op 29th"]
[Site "Jyvaskyla"]
[Date "2019.07.20"]
[Round "8"]
[White "Elomaa, Arto"]
[Black "Hallenberg, Sami"]
[Result "1/2-1/2"]
[WhiteElo "2123"]
[BlackElo "2134"]
[PlyCount "54"]
[EventDate "2019.07.15"]
[EventType "swiss"]
[EventRounds "9"]
[EventCountry "FIN"]
[SourceTitle "EXT 2021"]
[Source "ChessBase"]
[SourceDate "2020.10.23"]
[SourceVersion "1"]
[SourceVersionDate "2020.10.23"]
[SourceQuality "1"]

1. e4 c5 2. Nf3 d6 3. d4 cxd4 4. Nxd4 Nf6 5. f3 g6 6. c4 Bg7 7. Nc3 0-0 8. Be3 Nc6 9. Qd2 Re8 10. Be2 e6 11. 0-0 d5 12. Nxc6 bxc6 13. Rad1 Ba6 14. cxd5 Bxe2 15. Qxe2 exd5 16. Qf2 Qa5 17. Bd4 Red8 18. exd5 Nxd5 19. Bxg7 Kxg7 20. Nxd5 Rxd5 21. Rxd5 Qxd5 22. b3 a5 23. Qc2 Qd4+ 24. Kh1 c5 25. h3 Rd8 26. Rc1 Rd5 27. Qc3 Qxc3 1/2-1/2

[Event "Helsinki HSL Easter op"]
[Site "Helsinki"]
[Date "2019.04.21"]
[Round "5"]
[White "Bederdin, Lauri"]
[Black "Hallenberg, Sami"]
[Result "1/2-1/2"]
[WhiteElo "2073"]
[BlackElo "2132"]
[PlyCount "62"]
[EventDate "2019.04.19"]
[EventType "swiss"]
[EventRounds "6"]
[EventCountry "FIN"]
[SourceTitle "CBM 195 Extra"]
[Source "ChessBase"]
[SourceDate "2020.05.31"]
[SourceVersion "1"]
[SourceVersionDate "2020.05.31"]
[SourceQuality "1"]

1. d4 f5 2. Nf3 Nf6 3. g3 g6 4. Bg2 Bg7 5. b3 0-0 6. Bb2 d6 7. 0-0 Ne4 8. Nbd2 Nc6 9. e3 e5 10. dxe5 Nxd2 11. Nxd2 Nxe5 12. Qc1 c6 13. Nf3 Be6 14. Rd1 Qe7 15. c4 Rfd8 16. Nxe5 dxe5 17. Qc3 e4 18. Qxg7+ Qxg7 19. Bxg7 Kxg7 20. f3 exf3 21. Bxf3 Kf6 22. Kf2 Ke5 23. Ke2 a5 24. Rxd8 Rxd8 25. Rd1 Rxd1 26. Kxd1 b5 27. Bxc6 bxc4 28. bxc4 Bxc4 29. a3 Bd5 30. Bb5 g5 31. Ke2 h6 1/2-1/2

[Event "Helsinki HSL Easter op"]
[Site "Helsinki"]
[Date "2019.04.21"]
[Round "4"]
[White "Hallenberg, Sami"]
[Black "Ertbjerg, Per"]
[Result "1-0"]
[WhiteElo "2132"]
[BlackElo "1988"]
[PlyCount "75"]
[EventDate "2019.04.19"]
[EventType "swiss"]
[EventRounds "6"]
[EventCountry "FIN"]
[SourceTitle "CBM 195 Extra"]
[Source "ChessBase"]
[SourceDate "2020.05.31"]
[SourceVersion "1"]
[SourceVersionDate "2020.05.31"]
[SourceQuality "1"]

1. e4 c5 2. Nf3 Nc6 3. d4 cxd4 4. Nxd4 Nf6 5. Nc3 e5 6. Ndb5 d6 7. Bg5 a6 8. Na3 b5 9. Bxf6 gxf6 10. Nd5 f5 11. Bd3 Be6 12. 0-0 Bg7 13. Qh5 Rc8 14. c3 f4 15. Nc2 0-0 16. g3 fxg3 17. fxg3 h6 18. Nce3 Qg5 19. Qxg5 hxg5 20. a4 Rb8 21. axb5 axb5 22. Ra6 Nd8 23. Rxd6 Nb7 24. Rc6 Bd7 25. Rc7 Rfd8 26. Ra1 Nd6 27. Raa7 Be8 28. g4 Kh8 29. Kg2 Bf8 30. Ra6 Rd7 31. Rxd7 Bxd7 32. Nf5 Nc4 33. b3 Nd2 34. Bc2 Be6 35. Kf2 Rd8 36. Ke2 Bxd5 37. exd5 Rxd5 38. Ra8 1-0

[Event "FIN-chT1B 1819"]
[Site "Finland"]
[Date "2019.02.09"]
[Round "6.3"]
[White "Hallenberg, Sami"]
[Black "Aijala, Jouko"]
[Result "1-0"]
[WhiteElo "2128"]
[BlackElo "2076"]
[PlyCount "61"]
[EventDate "2018.09.15"]
[EventType "team-tourn"]
[EventRounds "7"]
[EventCountry "FIN"]
[SourceTitle "EXT 2020"]
[Source "ChessBase"]
[SourceDate "2019.10.17"]
[SourceVersion "1"]
[SourceVersionDate "2019.10.17"]
[SourceQuality "1"]
[WhiteTeam "Vantaa EtVaS II"]
[BlackTeam "Lahti S"]
[WhiteTeamCountry "FIN"]
[BlackTeamCountry "FIN"]

1. e4 c5 2. Nf3 Nc6 3. d4 cxd4 4. Nxd4 g6 5. Nc3 Bg7 6. Be3 Nf6 7. Nxc6 bxc6 8. e5 Ng8 9. Bd4 Qa5 10. Qd2 Bxe5 11. 0-0-0 Bxd4 12. Qxd4 f6 13. Re1 Rb8 14. b3 Kf7 15. f4 d5 16. Bd3 e6 17. Na4 Rb4 18. Qf2 Rxa4 19. bxa4 Ne7 20. g4 c5 21. g5 Qxa4 22. gxf6 Qa3+ 23. Kd1 Ng8 24. Qg3 Qa5 25. f5 Nxf6 26. fxg6+ Ke7 27. gxh7 Qd8 28. Rhf1 Qf8 29. Qc7+ Bd7 30. Qxc5+ Kf7 31. Rxf6+ 1-0

[Event "FIN-chT1B 1819"]
[Site "Finland"]
[Date "2018.11.11"]
[Round "3.3"]
[White "Hallenberg, Sami"]
[Black "Hintikka, Eero"]
[Result "1-0"]
[WhiteElo "2128"]
[BlackElo "2082"]
[PlyCount "77"]
[EventDate "2018.09.15"]
[EventType "team-tourn"]
[EventRounds "7"]
[EventCountry "FIN"]
[SourceTitle "EXT 2020"]
[Source "ChessBase"]
[SourceDate "2019.10.17"]
[SourceVersion "1"]
[SourceVersionDate "2019.10.17"]
[SourceQuality "1"]
[WhiteTeam "Vantaa EtVaS II"]
[BlackTeam "Jyvaskyla JyS II"]
[WhiteTeamCountry "FIN"]
[BlackTeamCountry "FIN"]

1. e4 e5 2. Nc3 Bc5 3. Bc4 Nc6 4. d3 Nf6 5. f4 d6 6. Nf3 Bg4 7. h3 Bxf3 8. Qxf3 Nd4 9. Qg3 Nh5 10. Qg4 g6 11. Rf1 Nf6 12. Bxf7+ Kxf7 13. fxe5 dxe5 14. Bg5 Nxc2+ 15. Ke2 Qd4 16. Rxf6+ Kg7 17. Raf1 Rhf8 18. Qe6 Qf2+ 19. Kd1 Ne3+ 20. Bxe3 Qxe3 21. Rf7+ Kh6 22. Qd7 Rh8 23. Kc2 Bd6 24. g4 Qg5 25. R1f3 Rad8 26. Qe6 Rhe8 27. Qc4 a6 28. Nd5 b5 29. Qc6 Rh8 30. a3 a5 31. Ne3 Rhf8 32. Nd5 b4 33. axb4 axb4 34. Rxf8 Rxf8 35. Rxf8 Bxf8 36. Qxc7 Qh4 37. Qxe5 Bg7 38. Qf4+ g5 39. Qd6+ 1-0

[Event "FIN-chT1B 1819"]
[Site "Finland"]
[Date "2018.11.10"]
[Round "2.3"]
[White "Takalo Eskola, Anssi"]
[Black "Hallenberg, Sami"]
[Result "1-0"]
[WhiteElo "2132"]
[BlackElo "2128"]
[PlyCount "65"]
[EventDate "2018.09.15"]
[EventType "team-tourn"]
[EventRounds "7"]
[EventCountry "FIN"]
[SourceTitle "EXT 2020"]
[Source "ChessBase"]
[SourceDate "2019.10.17"]
[SourceVersion "1"]
[SourceVersionDate "2019.10.17"]
[SourceQuality "1"]
[WhiteTeam "Kuopio KSY"]
[BlackTeam "Vantaa EtVaS II"]
[WhiteTeamCountry "FIN"]
[BlackTeamCountry "FIN"]

1. e4 c5 2. c3 Nf6 3. e5 Nd5 4. d4 cxd4 5. Nf3 e6 6. cxd4 b6 7. Nc3 Nxc3 8. bxc3 Qc7 9. Bd2 Bb7 10. Bd3 d6 11. 0-0 Nd7 12. Qe2 dxe5 13. dxe5 Be7 14. Rfe1 0-0 15. Nd4 Rfd8 16. f4 Nc5 17. Bc2 Ba6 18. Qf3 Rac8 19. f5 exf5 20. Bxf5 Rb8 21. e6 Bd6 22. exf7+ Qxf7 23. Bxh7+ Kf8 24. Qg4 Be7 25. Bg6 Qd5 26. Qh3 Bf6 27. Qh8+ Qg8 28. Qh5 Rd5 29. Qh3 Rbd8 30. Bf4 Rxd4 31. cxd4 Bxd4+ 32. Kh1 Bxa1 33. Bd6+ 1-0

[Event "FIN-chT1B 1819"]
[Site "Finland"]
[Date "2018.09.15"]
[Round "1.4"]
[White "Nazarova, Anastasia"]
[Black "Hallenberg, Sami"]
[Result "1-0"]
[WhiteElo "2138"]
[BlackElo "2128"]
[PlyCount "55"]
[EventDate "2018.09.15"]
[EventType "team-tourn"]
[EventRounds "7"]
[EventCountry "FIN"]
[SourceTitle "EXT 2020"]
[Source "ChessBase"]
[SourceDate "2019.10.17"]
[SourceVersion "1"]
[SourceVersionDate "2019.10.17"]
[SourceQuality "1"]
[WhiteTeam "Espoo MatSK II"]
[BlackTeam "Vantaa EtVaS II"]
[WhiteTeamCountry "FIN"]
[BlackTeamCountry "FIN"]

1. e4 c5 2. Nf3 d6 3. d4 cxd4 4. Nxd4 Nf6 5. Nc3 g6 6. Be3 Bg7 7. f3 Nc6 8. Bc4 0-0 9. Bb3 Bd7 10. Qd2 Qa5 11. 0-0-0 Rfc8 12. Kb1 Ne5 13. g4 b5 14. h4 Nc4 15. Bxc4 bxc4 16. Ka1 Rab8 17. h5 Qb4 18. Rb1 e5 19. Nde2 Be6 20. hxg6 fxg6 21. Bh6 Bxh6 22. Qxh6 Rb7 23. g5 Ne8 24. f4 Bg4 25. f5 Bf3 26. Rh2 Bh5 27. Rxh5 gxh5 28. Qe6+ 1-0

[Event "Helsinki Easter op"]
[Site "Helsinki"]
[Date "2018.04.01"]
[Round "4"]
[White "Hallenberg, Sami"]
[Black "Gronroos, Matti"]
[Result "1-0"]
[WhiteElo "2130"]
[BlackElo "1947"]
[PlyCount "35"]
[EventDate "2018.03.30"]
[EventType "swiss"]
[EventRounds "6"]
[EventCountry "FIN"]
[SourceTitle "EXT 2019"]
[Source "ChessBase"]
[SourceDate "2018.10.10"]
[SourceVersion "1"]
[SourceVersionDate "2018.10.10"]
[SourceQuality "1"]

1. e4 e5 2. Nc3 Nf6 3. Bc4 Nxe4 4. Qh5 Nd6 5. Bb3 Be7 6. Nf3 Nc6 7. Nxe5 g6 8. Nxc6 dxc6 9. Qf3 0-0 10. 0-0 Nf5 11. d3 Nd4 12. Qg3 a5 13. Re1 b5 14. a4 Nxb3 15. cxb3 b4 16. Ne4 Be6 17. Bh6 Re8 18. Qe5 1-0

[Event "FIN-chT2 Gp1 1718"]
[Site "Finland"]
[Date "2018.03.10"]
[Round "7.1"]
[White "Ahlqvist, Esa"]
[Black "Hallenberg, Sami"]
[Result "0-1"]
[WhiteElo "1905"]
[BlackElo "2130"]
[PlyCount "66"]
[EventDate "2017.09.16"]
[EventType "team-tourn"]
[EventRounds "7"]
[EventCountry "FIN"]
[SourceTitle "EXT 2020"]
[Source "ChessBase"]
[SourceDate "2019.10.17"]
[SourceVersion "1"]
[SourceVersionDate "2019.10.17"]
[SourceQuality "1"]
[WhiteTeam "Kotka KymS II"]
[BlackTeam "Vantaa EtVaS III"]
[WhiteTeamCountry "FIN"]
[BlackTeamCountry "FIN"]

1. Nf3 f5 2. g3 Nf6 3. Bg2 g6 4. 0-0 Bg7 5. d3 d6 6. Nbd2 e5 7. e4 0-0 8. a4 Nc6 9. Qe2 f4 10. c3 Nh5 11. d4 Kh8 12. dxe5 dxe5 13. Nc4 a5 14. Rd1 Qf6 15. b4 axb4 16. cxb4 Bg4 17. Bb2 fxg3 18. Ra3 Nf4 19. Qe3 Nxg2 20. Kxg2 gxh2 21. Ncd2 Nd4 22. Bxd4 exd4 23. Qd3 Qf4 24. a5 Rae8 25. b5 Qh6 26. a6 bxa6 27. bxa6 c5 28. Qb5 c4 29. Nxc4 Qh3+ 30. Kh1 Bxf3+ 31. Rxf3 Qxf3+ 32. Kxh2 Qxf2+ 33. Kh1 Rxe4 0-1

[Event "FIN-chT1B 1718"]
[Site "Finland"]
[Date "2017.10.22"]
[Round "4.1"]
[White "Jouhki, Yrjo Markus"]
[Black "Hallenberg, Sami"]
[Result "1-0"]
[WhiteElo "2287"]
[BlackElo "2130"]
[PlyCount "63"]
[EventDate "2017.09.16"]
[EventType "team-tourn"]
[EventRounds "7"]
[EventCountry "FIN"]
[SourceTitle "EXT 2020"]
[Source "ChessBase"]
[SourceDate "2019.10.17"]
[SourceVersion "1"]
[SourceVersionDate "2019.10.17"]
[SourceQuality "1"]
[WhiteTeam "Joensuu SK"]
[BlackTeam "Vantaa EtVaS II"]
[WhiteTeamCountry "FIN"]
[BlackTeamCountry "FIN"]

1. Nf3 f5 2. d4 Nf6 3. g3 g6 4. Bg2 Bg7 5. 0-0 0-0 6. c4 d6 7. Nc3 Nc6 8. b3 Ne4 9. Bb2 Nxc3 10. Bxc3 e5 11. dxe5 Qe8 12. Nd4 Nxe5 13. e3 a6 14. Re1 Rb8 15. Qd2 Bd7 16. f4 Ng4 17. e4 fxe4 18. Bxe4 Qd8 19. Bd5+ Kh8 20. Ne6 Bxe6 21. Rxe6 Nf6 22. Rae1 c6 23. Bf3 d5 24. cxd5 cxd5 25. Bd4 Rc8 26. Qb2 Rc6 27. g4 Rxe6 28. Rxe6 Qd7 29. Rxf6 Bxf6 30. Bxf6+ Kg8 31. Qd4 h6 32. Bxd5+ 1-0

[Event "FIN-chT1B 1718"]
[Site "Finland"]
[Date "2017.10.21"]
[Round "3.3"]
[White "Seppala, Aki"]
[Black "Hallenberg, Sami"]
[Result "1-0"]
[WhiteElo "2038"]
[BlackElo "2130"]
[PlyCount "81"]
[EventDate "2017.09.16"]
[EventType "team-tourn"]
[EventRounds "7"]
[EventCountry "FIN"]
[SourceTitle "EXT 2020"]
[Source "ChessBase"]
[SourceDate "2019.10.17"]
[SourceVersion "1"]
[SourceVersionDate "2019.10.17"]
[SourceQuality "1"]
[WhiteTeam "Jyvaskyla JyS II"]
[BlackTeam "Vantaa EtVaS II"]
[WhiteTeamCountry "FIN"]
[BlackTeamCountry "FIN"]

1. e4 c5 2. c3 Nf6 3. e5 Nd5 4. d4 cxd4 5. Nf3 e6 6. cxd4 b6 7. Nbd2 Bb7 8. Ne4 Ne3 9. Nf6+ gxf6 10. Bxe3 Rg8 11. Qc2 f5 12. Bf4 Rg4 13. Qd2 Nc6 14. a3 Na5 15. Qe3 Rc8 16. Nd2 Bd5 17. f3 Rg6 18. b4 Nc6 19. g3 Bxb4 20. axb4 Nxb4 21. Qg1 Nc2+ 22. Kf2 Nxa1 23. Ba6 Rc2 24. Qxa1 Ra2 25. Qf1 Qc7 26. Qd3 Rc2 27. Rf1 Rc3 28. Qb1 Qc6 29. Be3 f6 30. Qb4 Rc2 31. exf6 Rxf6 32. Bg5 Rf7 33. Be2 a5 34. Qb1 Kf8 35. Bh6+ Kg8 36. Bd3 Rc3 37. Bb5 Qc7 38. Re1 f4 39. gxf4 Rxf4 40. Rg1+ Kf7 41. Qxh7+ 1-0

[Event "Helsinki We EtVaS A"]
[Site "Helsinki"]
[Date "2017.05.07"]
[Round "4"]
[White "Hallenberg, Sami"]
[Black "Tolonen, Mikko"]
[Result "1-0"]
[WhiteElo "2126"]
[BlackElo "2125"]
[PlyCount "95"]
[EventDate "2017.05.05"]
[EventType "swiss"]
[EventRounds "5"]
[EventCountry "FIN"]
[SourceTitle "EXT 2022"]
[Source "ChessBase"]
[SourceDate "2021.10.06"]
[SourceVersion "1"]
[SourceVersionDate "2021.10.06"]
[SourceQuality "1"]

1. e4 e6 2. d4 d5 3. Nc3 Bb4 4. e5 c5 5. Qg4 Ne7 6. dxc5 Nbc6 7. Bd2 Bxc5 8. Nf3 Ng6 9. h4 0-0 10. Qg3 f6 11. exf6 Qxf6 12. Bg5 Qf7 13. 0-0-0 Nf4 14. h5 Bd6 15. Kb1 Bc7 16. Nb5 Bb8 17. h6 g6 18. Qh4 e5 19. Nc3 d4 20. Ne4 Nd5 21. Bd2 Bf5 22. Nfg5 Qd7 23. Bc4 Kh8 24. Rhe1 b6 25. f3 Bc7 26. g4 Bxe4 27. fxe4 Nf4 28. Bxf4 exf4 29. Ne6 Ne5 30. Rxd4 Qf7 31. Ng5 Qe7 32. Bb3 Rad8 33. Red1 Rxd4 34. Rxd4 Bd6 35. a4 Nc6 36. Rxd6 Qxd6 37. Nf7+ Rxf7 38. Bxf7 Ne5 39. Bd5 f3 40. g5 Qf8 41. Qg3 Qe7 42. Qf4 Qd6 43. c3 Qe7 44. Kc2 Qd6 45. Kd1 Qe7 46. b4 Qd6 47. Qf6+ Qxf6 48. gxf6 1-0

[Event "Helsinki Easter op A"]
[Site "Helsinki"]
[Date "2017.04.14"]
[Round "1.1"]
[White "Lindholm, Jere"]
[Black "Hallenberg, Sami"]
[Result "0-1"]
[WhiteElo "2093"]
[BlackElo "2085"]
[PlyCount "80"]
[EventDate "2017.04.14"]
[EventType "swiss"]
[EventRounds "5"]
[EventCountry "FIN"]
[SourceTitle "EXT 2022"]
[Source "ChessBase"]
[SourceDate "2021.10.06"]
[SourceVersion "1"]
[SourceVersionDate "2021.10.06"]
[SourceQuality "1"]

1. d4 f5 2. Nf3 Nf6 3. c4 g6 4. Nc3 Bg7 5. Bf4 d6 6. d5 e5 7. dxe6 Bxe6 8. Nd4 Bd7 9. g3 Nc6 10. Bg2 0-0 11. 0-0 Nh5 12. Be3 f4 13. Nxc6 bxc6 14. Bd4 Qe7 15. Bf3 fxg3 16. hxg3 Nf6 17. Qa4 c5 18. Bxf6 Bxf6 19. Qa6 Rab8 20. Nd5 Qe5 21. Qxa7 Rxb2 22. Qxc7 Bh3 23. Nxf6+ Rxf6 24. Rfb1 h5 25. Rxb2 Qxb2 26. Rd1 Qe5 27. Rb1 Be6 28. Qe7 Rf7 29. Rb8+ Kh7 30. Qh4 Kg7 31. Qd8 Kh7 32. Bd5 Bxd5 33. cxd5 Re7 34. a4 c4 35. Qg8+ Kh6 36. Qh8+ Qxh8 37. Rxh8+ Kg7 38. Rc8 Rxe2 39. Rxc4 Kf6 40. a5 Ra2 0-1

[Event "FIN-chT2 Gp2 1617"]
[Site "Finland"]
[Date "2016.12.10"]
[Round "4.4"]
[White "Ranki, Martti"]
[Black "Hallenberg, Sami"]
[Result "0-1"]
[WhiteElo "1929"]
[BlackElo "2100"]
[PlyCount "88"]
[EventDate "2016.09.17"]
[EventType "team-tourn"]
[EventRounds "7"]
[EventCountry "FIN"]
[SourceTitle "EXT 2019"]
[Source "ChessBase"]
[SourceDate "2018.10.10"]
[SourceVersion "1"]
[SourceVersionDate "2018.10.10"]
[SourceQuality "1"]
[WhiteTeam "Turku SY"]
[BlackTeam "Vantaa EtVaS II"]
[WhiteTeamCountry "FIN"]
[BlackTeamCountry "FIN"]

1. c4 f5 2. Nf3 Nf6 3. Nc3 g6 4. g3 Bg7 5. Bg2 0-0 6. 0-0 d6 7. d3 e5 8. Bd2 h6 9. Rb1 c6 10. b4 Be6 11. Qc2 Nbd7 12. a4 d5 13. cxd5 cxd5 14. Nb5 Rc8 15. Qd1 Qb6 16. Rc1 g5 17. Rxc8 Rxc8 18. Qa1 a6 19. Na3 Ng4 20. Qb1 e4 21. Ne1 e3 22. fxe3 Nxe3 23. a5 Qa7 24. Bxe3 Qxe3+ 25. Kh1 Qxe2 26. Nf3 Qb2 27. Qe1 Re8 28. Nb1 Bf7 29. Qd2 Re2 30. Qxb2 Rxb2 31. Nfd2 Be6 32. Rc1 Rxb4 33. Rc8+ Kf7 34. Nc3 Rb2 35. Ncb1 Bd4 36. Rc1 g4 37. h3 h5 38. Nf1 Ne5 39. Rc7+ Kf6 40. Nc3 Nf3 41. Bxf3 gxf3 42. g4 fxg4 43. hxg4 hxg4 44. Nd2 Bxc3 0-1

[Event "Helsinki We Garden syysturnaus A"]
[Site "Helsinki"]
[Date "2016.09.11"]
[Round "4"]
[White "Mansner, Harry"]
[Black "Hallenberg, Sami"]
[Result "1/2-1/2"]
[WhiteElo "2234"]
[BlackElo "2100"]
[PlyCount "139"]
[EventDate "2016.09.09"]
[EventType "swiss"]
[EventRounds "5"]
[EventCountry "FIN"]
[SourceTitle "EXT 2022"]
[Source "ChessBase"]
[SourceDate "2021.10.06"]
[SourceVersion "1"]
[SourceVersionDate "2021.10.06"]
[SourceQuality "1"]

1. Nf3 Nf6 2. d4 g6 3. c4 Bg7 4. Nc3 0-0 5. e4 d6 6. Be2 e5 7. dxe5 dxe5 8. Qxd8 Rxd8 9. Bg5 c6 10. Nxe5 Re8 11. 0-0-0 Na6 12. f4 h6 13. Bh4 Nc5 14. Bf3 g5 15. Bf2 gxf4 16. Bxc5 Rxe5 17. Bd6 Re8 18. Kc2 Be6 19. b3 Nd7 20. Bxf4 Ne5 21. Ne2 Rad8 22. Rxd8 Rxd8 23. Rd1 Rxd1 24. Kxd1 Kh7 25. Nd4 Nxf3 26. Nxe6 fxe6 27. gxf3 Kg6 28. Ke2 a6 29. Kf2 Bc3 30. c5 h5 31. Be3 Kf6 32. f4 Kg6 33. h3 Kf6 34. Ke2 Kg6 35. Kd3 Be1 36. Kc4 Kf6 37. b4 Kg6 38. a4 Kf6 39. Bd4+ Kg6 40. b5 axb5+ 41. axb5 Bd2 42. Be5 Be1 43. bxc6 bxc6 44. Bc3 Bg3 45. Kb4 Bf2 46. Be5 Be1+ 47. Ka4 Bd2 48. Bc7 Kf6 49. Kb3 Be3 50. Kc4 Bd2 51. Be5+ Kg6 52. Kd3 Be1 53. Bd4 Bb4 54. Be3 Kf6 55. Ke2 Kg6 56. Kf3 Bc3 57. Bf2 Kf6 58. Kg3 Kg6 59. Kf3 Kf6 60. Bh4+ Kg6 61. Be7 Bd4 62. Bd6 Bc3 63. Ke3 Kf6 64. Be5+ Bxe5 65. fxe5+ Kxe5 66. h4 Kf6 67. Kd4 Kf7 68. Ke5 Ke7 69. Kf4 Kf6 70. e5+ 1/2-1/2

[Event "Helsinki We Garden syysturnaus A"]
[Site "Helsinki"]
[Date "2016.09.09"]
[Round "2"]
[White "Kumpulainen, Jari"]
[Black "Hallenberg, Sami"]
[Result "1/2-1/2"]
[WhiteElo "1941"]
[BlackElo "2100"]
[PlyCount "43"]
[EventDate "2016.09.09"]
[EventType "swiss"]
[EventRounds "5"]
[EventCountry "FIN"]
[SourceTitle "EXT 2022"]
[Source "ChessBase"]
[SourceDate "2021.10.06"]
[SourceVersion "1"]
[SourceVersionDate "2021.10.06"]
[SourceQuality "1"]

1. e4 c5 2. c3 Nf6 3. e5 Nd5 4. d4 cxd4 5. cxd4 d6 6. Nf3 Nc6 7. Be2 g6 8. 0-0 Bg7 9. exd6 Qxd6 10. Nc3 0-0 11. Re1 e6 12. Bc4 Nb6 13. Bb3 a6 14. d5 exd5 15. Nxd5 Nxd5 16. Qxd5 Qxd5 17. Bxd5 Bf5 18. Be4 Bxe4 19. Rxe4 Rfe8 20. Rxe8+ Rxe8 21. Bd2 Nd4 22. Nxd4 1/2-1/2

[Event "Helsinki We HSK 130"]
[Site "Helsinki"]
[Date "2016.08.27"]
[Round "3"]
[White "Hallenberg, Sami"]
[Black "Fraser, Scott"]
[Result "0-1"]
[WhiteElo "2100"]
[BlackElo "2146"]
[PlyCount "62"]
[EventDate "2016.08.26"]
[EventType "swiss"]
[EventRounds "5"]
[EventCountry "FIN"]
[SourceTitle "EXT 2022"]
[Source "ChessBase"]
[SourceDate "2021.10.06"]
[SourceVersion "1"]
[SourceVersionDate "2021.10.06"]
[SourceQuality "1"]

1. e4 c6 2. d4 d5 3. e5 Bf5 4. Nc3 e6 5. g4 Bg6 6. Nge2 f6 7. Nf4 fxe5 8. Nxg6 hxg6 9. dxe5 Nd7 10. Bf4 Qc7 11. Bd3 Nxe5 12. Bxg6+ Kd7 13. Bg3 Bd6 14. Bd3 Nxd3+ 15. Qxd3 Bxg3 16. fxg3 Qe5+ 17. Ne2 Qg5 18. h4 Qxg4 19. 0-0-0 Nf6 20. Nf4 e5 21. Ng6 Rhe8 22. h5 Nxh5 23. Rh4 Qg5+ 24. Kb1 Nf6 25. Rb4 Kc7 26. Nh4 e4 27. Qb3 b6 28. a4 e3 29. a5 e2 30. Re1 Re3 31. Nf3 Rxb3 0-1